|
|
|
|
| LEADER |
00000nam0a2200000 4500 |
| 001 |
92841 |
| 005 |
20231101213842.0 |
| 010 |
|
|
|a 5230054581
|
| 020 |
|
|
|a RU
|b 91-37782
|
| 035 |
|
|
|a (RuTPU)RU\TPU\book\99447
|
| 090 |
|
|
|a 92841
|
| 100 |
|
|
|a 20060321d1991 k a0rusy5003 ca
|
| 101 |
0 |
|
|a rus
|
| 102 |
|
|
|a RU
|
| 105 |
|
|
|a y z 001zy
|
| 200 |
1 |
|
|a Теоретические и практические аспекты крашения текстильных материалов и синтеза красителей
|e межвузовский сборник научных трудов
|f Ивановский химико-технологический институт; под ред. Б. Н. Мельникова
|
| 210 |
|
|
|a Иваново
|c ИХТИ
|d 1991
|
| 215 |
|
|
|a 111,[1] с.
|c граф.
|d 26 см
|
| 320 |
|
|
|a Библиогр. в конце ст.
|
| 610 |
1 |
|
|a текстильные материалы
|
| 610 |
1 |
|
|a красители
|
| 610 |
1 |
|
|a крашение
|
| 610 |
1 |
|
|a синтез
|
| 610 |
1 |
|
|a сборники
|
| 675 |
|
|
|a 677
|z rus
|
| 675 |
|
|
|a 667
|z rus
|
| 702 |
|
1 |
|a Мельников
|b Б. Н.
|g Борис Николаевич
|4 340
|
| 712 |
0 |
2 |
|a Ивановский химико-технологический институт
|9 24360
|
| 801 |
|
0 |
|a RU
|b RuMRKP
|c 19950417
|g psbo
|
| 801 |
|
1 |
|a RU
|b 63413507
|c 20060321
|g PSBO
|
| 801 |
|
2 |
|a RU
|b 63413507
|c 20070221
|g PSBO
|
| 942 |
|
|
|c BK
|